Liedtext-DragonballZ-Du wirst unbesiegbar sein - Statistiken

Allgemein
  • Dieses Quiz wurde 143 mal gespielt
    141 seit der letzten Aktualisierung
  • Das Durchschnittsergebnis liegt bei 170 aus 233
Antwortstatistiken
Antwort % Korrekt
Du
100%
du
100%
sei
98%
wir
98%
Refrain]
97%
sein
97%
sein)
97%
[und noch
97%
wirst
97%
zweimal der
97%
unbesiegbar
95%
der
94%
(der
94%
Beste
91%
beste
91%
die
91%
das
88%
dein
88%
ist
88%
nicht
88%
wird
88%
deine
86%
kommen
86%
Zeit
86%
es
84%
Es
84%
hast
84%
weit
84%
mehr
83%
was
83%
Was
83%
noch
81%
bereit
80%
dich
80%
dir
80%
Dragon Balls
80%
ein
80%
macht
80%
Macht
80%
Tag
77%
und
77%
weißt
77%
stark
75%
vorbei
75%
zum
75%
bei
73%
sind
73%
lange
72%
Mann
72%
wie
72%
bringt
70%
in
70%
eines
69%
uns
69%
schaffst
67%
so
67%
geschafft
66%
Licht
66%
stärker
66%
Traum
66%
voran
66%
war
66%
dass
64%
fast
64%
gemerkt
64%
Kraft
64%
verleiht
64%
durch
63%
Durch
63%
nichts
63%
Wolken
63%
bis
61%
dem
61%
früher
61%
Himmel
61%
klar
61%
auf
59%
erkennst
59%
längst
59%
aus
58%
den
58%
doch
58%
dringt
58%
Zeichen
58%
gescheh´n
53%
höchste
53%
jetzt
53%
leicht
53%
erwachst
52%
Höhen
50%
nie
50%
Selbstvertrauen
50%
alles
45%
gibst
45%
höchsten
45%
hinauf
44%
an
42%
Herz
41%
lebt
41%
hör
39%
kommt
38%
Gegner
36%
Level
36%
wenn
36%
nur
33%
rauben
33%
trägt
33%
Bleib
31%
regiert
31%
Schmerz
31%
treu
31%
Zorn
31%
selber
30%
darauf
28%
keine
28%
viele
28%
deinem
27%
glaube
27%
daran
25%
Kopf
25%
passiert
25%
vergisst
25%
Chance
22%
Keine übereinstimmenden Quizze gefunden
Verteilung der Resultate
Anzahl Personen mit jedem Resultat
Perzentil nach korrekt beantworteten Fragen
Ihre Resultats-Entwicklung
Sie haben dieses Quiz seit der letzten Aktualisierung nicht gespielt